000 00367nam a2200145Ia 4500
008 210716s1988 xx 000 0 und d
041 _aeng
082 _a005.3001 NELK
100 _aNelson, Kay Yarborough.
245 _aAdvanced techniques in wordperfect.
250 _a1
260 _aNew Delhi
_bBPB Publications
_c1988
300 _axxvii,481
650 _aNone
999 _c187510
_d187510